| 000 | 006760000a22001810004500 | ||
|---|---|---|---|
| 003 | MACL | ||
| 005 | 20160519151544.0 | ||
| 008 | 160519b xxu||||| |||| 00| 0 eng d | ||
| 040 |
_aMACL _cMACL |
||
| 041 | _aHindi | ||
| 082 | _a891.433 | ||
| 100 |
_aवंघोपाध्याय, ताराशंकर _958233 |
||
| 245 |
_aताराशंकर की सर्वश्रेष्ठ कहानियां _cताराशंकर वंघोपाध्याय |
||
| 260 |
_bहिन्दुस्तान प्रकाशन _c2001 _aदिल्ली |
||
| 350 | _a150 | ||
| 650 |
_aStory _958234 |
||
| 942 |
_cHIN _k800 _2ddc |
||
| 999 |
_c10174 _d10174 |
||